000 00397nam a2200169Ia 4500
008 230524s9999 xx 000 0 und d
020 _a8181281667
082 _a5.711
_bIVO
100 _aIvor Horton
245 0 _aANSI C++ (The Complete Language)
250 _a3RD
260 _aUSA
_bShroff
_c2004
300 _aXXXVI;1091
500 _aQuantity Number: 2
650 _aComp-Sc
942 _cBK
999 _c4203
_d4203